[Event "Egypt op"]
[Site "Egypt"]
[Date "2009.07.25"]
[Round "5"]
[White "Ragheb, Malak"]
[Black "Shaarawy, Ahmed"]
[Result "1-0"]
[WhiteElo "2210"]
[BlackElo "2125"]
[PlyCount "123"]
[EventDate "2009.07.20"]
[EventType "swiss"]
[EventRounds "9"]
[EventCountry "EGY"]
[SourceTitle "EXT 2011"]
[Source "ChessBase"]
[SourceDate "2010.11.26"]
[SourceVersion "1"]
[SourceVersionDate "2010.11.26"]
[SourceQuality "1"]

1. d4 Nf6 2. Nf3 e6 3. g3 b6 4. Bg2 Bb7 5. 0-0 Be7 6. c4 0-0 7. Nc3 Ne4 8. Qc2 d5 9. cxd5 exd5 10. Rd1 Nxc3 11. Qxc3 Nd7 12. Ne5 Nf6 13. Nc6 Qd6 14. Nxe7+ Qxe7 15. Bg5 c6 16. Qf3 Rfe8 17. e3 h6 18. Bxf6 Qxf6 19. Qxf6 gxf6 20. Rac1 Kf8 21. Rc3 Ke7 22. Bh3 Kd6 23. Rdc1 Re7 24. f3 Rb8 25. Kf2 Rc7 26. b4 Bc8 27. Bf1 Bd7 28. Bd3 f5 29. Ra3 Ra8 30. h3 a5 31. bxa5 Rca7 32. a6 b5 33. g4 fxg4 34. hxg4 Rxa6 35. Rxa6 Rxa6 36. Bb1 Ra4 37. Rh1 Rb4 38. Rxh6+ Be6 39. Rh1 Rb2+ 40. Kg3 c5 41. dxc5+ Kxc5 42. Rc1+ Kd6 43. Rd1 Ke7 44. f4 f6 45. Bd3 d4 46. exd4 Bxa2 47. g5 fxg5 48. fxg5 b4 49. Kf4 Rf2+ 50. Ke5 Rg2 51. g6 b3 52. d5 Rg5+ 53. Kf4 Kf6 54. Bc4 Rf5+ 55. Kg4 Rg5+ 56. Kf4 Rh5 57. d6 Rh8 58. d7 Rd8 59. Rd6+ Ke7 60. Ke5 Rxd7 61. Rxd7+ Kxd7 62. g7 1-0